|
|
|
|
| LEADER |
00000nam0a2200000 4500 |
| 001 |
246622 |
| 005 |
20231101232226.0 |
| 035 |
|
|
|a (RuTPU)RU\TPU\book\268075
|
| 090 |
|
|
|a 246622
|
| 100 |
|
|
|a 20131206d1977 k y0rusy50 ca
|
| 101 |
0 |
|
|a rus
|
| 102 |
|
|
|a RU
|
| 105 |
|
|
|a a z 001zy
|
| 200 |
1 |
|
|a Тампонажные смеси для скважин с аномальными пластовыми давлениями
|f Н. Х. Каримов [и др.]
|g Казахский научно-исследовательский геологоразведочный нефтяной институт
|
| 210 |
|
|
|a Москва
|c Недра
|d 1977
|
| 215 |
|
|
|a 192 с.
|c ил.
|
| 320 |
|
|
|a Библиогр.: с. 187-190.
|
| 606 |
1 |
|
|a Тампонажные растворы
|x Исследование
|2 stltpush
|3 (RuTPU)RU\TPU\subj\58543
|9 76324
|
| 610 |
1 |
|
|a горное дело
|
| 610 |
1 |
|
|a горное давление
|
| 610 |
1 |
|
|a тампонаж
|
| 610 |
1 |
|
|a тампонажные смеси
|
| 610 |
1 |
|
|a аномальное давление
|
| 610 |
1 |
|
|a нефтяные скважины
|
| 675 |
|
|
|a 622.245.422
|v 3
|
| 701 |
|
1 |
|a Каримов
|b Н. Х.
|
| 701 |
|
1 |
|a Запорожец
|b Л. С.
|
| 701 |
|
1 |
|a Хахаев
|b Б. Н.
|
| 701 |
|
1 |
|a Трунов
|b П. Г.
|
| 712 |
0 |
2 |
|a Казахский научно-исследовательский геологоразведочный нефтяной институт
|2 stltpush
|3 (RuTPU)RU\TPU\col\12664
|9 25496
|
| 801 |
|
1 |
|a RU
|b 63413507
|c 20131206
|
| 801 |
|
2 |
|a RU
|b 63413507
|c 20131225
|g RCR
|
| 942 |
|
|
|c BK
|